What Movie? Back to the Camera XV Quiz Stats

 Plays Quiz Updated Jul 24, 2017

Support Sporcle.
Go Orange.
Score 0/25 Timer 08:00
1 Play Today
% Correct
Kung Fu Panda
93.7%
No Country for Old Men
75.8%
Grease
69.5%
Top Gun
66.2%
Matilda
64.7%
Superbad
63.5%
Doctor Strange
57.9%
Beverly Hills Cop
57.2%
Moulin Rouge
53.1%
Master and Commander: The Far Side of the World
49.7%
Bridget Jones's Diary
47.6%
Moonlight
46.4%
Hacksaw Ridge
42.9%
% Correct
Clerks
39.9%
Arrival
39.6%
Passengers
35%
The Accountant
34%
Man on the Moon
33.3%
Outbreak
29.6%
Misery
29.3%
13 Going on 30
28.3%
10 Cloverfield Lane
27.7%
Resident Evil
26.7%
Gravity
26.5%
Dirty Harry
22.1%

You're not logged in!

Compare scores with friends on all Sporcle quizzes.
OR
Log In
Forgot?

From the Vault

'M' Celebrity Images

by sproutcm

Mmmmm...celebrities...
Remove Ads.
Support Sporcle.
Get the best of Sporcle when you Go Orange. This ad-free experience offers more features, more stats, and more fun while also helping to support Sporcle. Thank you for becoming a member.

Show Comments

Extras

Top Quizzes Today


Score Distribution

Your Account Isn't Verified!

In order to create a playlist on Sporcle, you need to verify the email address you used during registration. Go to your Sporcle Settings to finish the process.

Report this User

Report this user for behavior that violates our Community Guidelines.

Details: